[Event "EU-ch Rapid"]
[Site "Zagreb"]
[Date "2023.12.14"]
[Round "5"]
[White "Zelcic, Robert"]
[Black "Deac, Bogdan Daniel"]
[Result "0-1"]
[WhiteElo "2478"]
[BlackElo "2690"]
[PlyCount "64"]
[EventDate "2023.12.14"]
[EventType "swiss (rapid)"]
[EventRounds "11"]
[EventCountry "CRO"]
[SourceTitle "CB51_2023"]
[SourceDate "2023.12.20"]
[SourceVersion "1"]
[SourceVersionDate "2023.12.20"]
[SourceQuality "1"]

1. e4 c6 2. d4 d5 3. Nc3 a6 4. Nf3 Bg4 5. Be2 e6 6. 0-0 Nf6 7. Ne5 Bxe2 8. Qxe2 Be7 9. Rd1 Nbd7 10. Bf4 Nxe5 11. Bxe5 b5 12. exd5 cxd5 13. a4 b4 14. Na2 Bd6 15. Nc1 a5 16. Bxf6 Qxf6 17. Qb5+ Kf8 18. Nb3 Qd8 19. g3 g6 20. Rac1 Kg7 21. c4 bxc3 22. Rxc3 Qe7 23. Rdc1 Rhb8 24. Qd3 Rb4 25. Nc5 Rxb2 26. Rb3 Rxb3 27. Qxb3 Rb8 28. Qd3 Rb4 29. Qa6 Rxd4 30. Qxa5 Bxc5 31. Rxc5 Rxa4 32. Qc3+ Qf6 0-1

[Event "Bundesliga 2324"]
[Site "Germany"]
[Date "2023.12.03"]
[Round "4.7"]
[White "Zelcic, Robert"]
[Black "Nikolic, Predrag"]
[Result "1/2-1/2"]
[WhiteElo "2476"]
[BlackElo "2531"]
[PlyCount "160"]
[EventDate "2023.10.21"]
[EventType "team-tourn"]
[EventRounds "15"]
[EventCountry "GER"]
[SourceTitle "CB49_2023"]
[SourceDate "2023.12.06"]
[SourceVersion "1"]
[SourceVersionDate "2023.12.06"]
[SourceQuality "1"]
[WhiteTeam "Kirchweyhe"]
[BlackTeam "Solingen"]
[WhiteTeamCountry "GER"]
[BlackTeamCountry "GER"]

1. e4 e6 2. d4 d5 3. Nd2 a6 4. Ngf3 c5 5. exd5 exd5 6. Be2 Nc6 7. 0-0 c4 8. Re1 Be7 9. b3 cxb3 10. axb3 Nf6 11. Bb5 0-0 12. Bxc6 bxc6 13. Ne5 Qb6 14. c3 Bd6 15. h3 a5 16. Ba3 Bxa3 17. Rxa3 c5 18. dxc5 Qxc5 19. b4 Qc7 20. Qa1 a4 21. Rxa4 Rxa4 22. Qxa4 Qxc3 23. Ndf3 Bf5 24. b5 Be4 25. Qa1 Qxa1 26. Rxa1 Bxf3 27. gxf3 g6 28. Nc6 Nd7 29. Ra7 Nb6 30. Ra6 Nd7 31. Ne7+ Kg7 32. Nxd5 Rc8 33. Rc6 Ra8 34. Ra6 Rc8 35. Rd6 Ne5 36. Kg2 Rc5 37. b6 Rb5 38. Ne3 Rb3 39. f4 Nd3 40. f5 g5 41. Nd5 Ne5 42. f4 gxf4 43. Nxf4 Nc4 44. f6+ Kh6 45. Rc6 Ne3+ 46. Kf2 Nf5 47. Rc5 Kg5 48. Ne2 Rxb6 49. Ng3 Rxf6 50. Ne4+ Kg6 51. Nxf6 Kxf6 52. Kf3 Kg6 53. Ra5 f6 54. Kg4 h5+ 55. Kf4 Ng7 56. Ra6 Kf7 57. Ra7+ Kg6 58. Re7 Nf5 59. Re4 Ng7 60. Re1 Kf7 61. Rg1 Ne6+ 62. Kg3 Nd4 63. Rb1 Kg6 64. Kf4 Ne6+ 65. Kf3 Kg5 66. Kg3 Nd4 67. h4+ Kg6 68. Kf4 Ne6+ 69. Ke4 Ng7 70. Rb5 Ne6 71. Ra5 Ng7 72. Ra4 Nf5 73. Kd5 Kf7 74. Kc6 Ne7+ 75. Kd6 Nc8+ 76. Kc5 Ne7 77. Rc4 Ng6 78. Kd5 f5 79. Rc7+ Kf6 80. Rc6+ Kf7 1/2-1/2

[Event "Zagreb Peace"]
[Site "Zagreb"]
[Date "2023.11.27"]
[Round "6"]
[White "Zelcic, Robert"]
[Black "Ivanchuk, Vassily"]
[Result "0-1"]
[WhiteElo "2478"]
[BlackElo "2653"]
[PlyCount "74"]
[EventDate "2023.11.22"]
[EventType "tourn"]
[EventRounds "9"]
[EventCountry "CRO"]
[EventCategory "15"]
[SourceTitle "CB49_2023"]
[SourceDate "2023.12.06"]
[SourceVersion "1"]
[SourceVersionDate "2023.12.06"]
[SourceQuality "1"]

1. e4 e6 2. d4 d5 3. Nd2 c5 4. exd5 Qxd5 5. Ngf3 cxd4 6. Bc4 Qd6 7. 0-0 Nf6 8. Nb3 Nc6 9. Nbxd4 Nxd4 10. Nxd4 a6 11. Re1 Qc7 12. Bd3 Bd6 13. Nf5 Bxh2+ 14. Kh1 Kf8 15. g3 exf5 16. Kxh2 h5 17. Bf4 Qb6 18. Kg1 Be6 19. Bg5 Rc8 20. Qf3 Ne4 21. Bxe4 fxe4 22. Qxe4 Qxb2 23. Rab1 Qxc2 24. Qxc2 Rxc2 25. Rxb7 Kg8 26. a3 Kh7 27. Ra7 Rc6 28. Rc1 Rxc1+ 29. Bxc1 Rd8 30. Bg5 Rd1+ 31. Kh2 Bd5 32. g4 Rh1+ 33. Kg3 Rg1+ 34. Kh3 Kg6 35. Be3 hxg4+ 36. Kh4 Kf5 37. f4 Rh1+ 0-1

[Event "CRO-chT1A 31st"]
[Site "Veli Losinj"]
[Date "2023.10.14"]
[Round "4.5"]
[White "Zelcic, Robert"]
[Black "Plenca, Julian"]
[Result "1-0"]
[WhiteElo "2476"]
[BlackElo "2405"]
[PlyCount "143"]
[EventDate "2023.10.11"]
[EventType "team-tourn"]
[EventRounds "7"]
[EventCountry "CRO"]
[SourceTitle "Mega2024 Update 01"]
[Source "Chessbase"]
[SourceDate "2023.11.12"]
[SourceVersion "1"]
[SourceVersionDate "2023.11.12"]
[SourceQuality "1"]
[WhiteTeam "Zagreb Zagreb"]
[BlackTeam "Split Mornar"]
[WhiteTeamCountry "CRO"]
[BlackTeamCountry "CRO"]

1. e4 c5 2. Nf3 Nc6 3. d4 cxd4 4. Nxd4 Nf6 5. Nc3 d6 6. Bg5 e6 7. Qd2 a6 8. 0-0-0 Bd7 9. f4 Be7 10. Nf3 b5 11. Bxf6 gxf6 12. Kb1 Qb6 13. g3 0-0-0 14. f5 Kb8 15. fxe6 fxe6 16. Bh3 Bc8 17. Qe1 Rhe8 18. Ne2 Bf8 19. Nf4 Qc5 20. g4 a5 21. g5 fxg5 22. Nd3 Qa7 23. Nxg5 h6 24. Nf3 Bg7 25. Rg1 Rf8 26. Qe2 Rf7 27. Rg3 b4 28. Nc1 Qb6 29. Qg2 Bf6 30. Rg6 a4 31. Rxh6 a3 32. Nd3 Qe3 33. Rg6 Bxb2 34. Rg3 Nd4 35. Nxb2 Rxf3 36. Rxf3 Nxf3 37. Nd3 Ng5 38. Re1 Qxh3 39. Qxg5 Rd7 40. Qd2 Rb7 41. Nxb4 Rb6 42. c3 e5 43. Qe3 Rb7 44. Qxh3 Bxh3 45. Kc2 Be6 46. h4 Rg7 47. Rh1 Bc4 48. Rh2 Rg4 49. h5 Bg8 50. Nd5 Rg7 51. h6 Rb7 52. Kd3 Bh7 53. Nf6 Rf7 54. Nxh7 Rxh7 55. Kc4 Kc7 56. Kd5 Kd7 57. Rh3 Rh8 58. Kc4 Rh7 59. Kb4 Kc6 60. c4 Kb6 61. Rh4 Kc6 62. Kxa3 Kc5 63. Kb3 Kd4 64. a4 Rb7+ 65. Kc2 Rh7 66. a5 Kc5 67. Kc3 d5 68. exd5 e4 69. a6 e3 70. Kd3 e2 71. Kxe2 Re7+ 72. Kd3 1-0

[Event "AUT-chT2W 2223"]
[Site "Austria"]
[Date "2023.01.22"]
[Round "8.4"]
[White "Novkovic, Milan"]
[Black "Zelcic, Robert"]
[Result "0-1"]
[WhiteElo "2347"]
[BlackElo "2495"]
[PlyCount "128"]
[EventDate "2022.09.23"]
[EventType "team-tourn"]
[EventRounds "11"]
[EventCountry "AUT"]
[SourceTitle "CBM 213 Extra"]
[Source "ChessBase"]
[SourceDate "2023.05.31"]
[SourceVersion "1"]
[SourceVersionDate "2023.05.31"]
[SourceQuality "1"]
[WhiteTeam "Dornbirn"]
[BlackTeam "Schwarzach"]
[WhiteTeamCountry "AUT"]
[BlackTeamCountry "AUT"]

1. d4 Nf6 2. c4 e6 3. Nf3 Bb4+ 4. Bd2 a5 5. g3 d5 6. Qc2 dxc4 7. Qxc4 b6 8. Bg2 Ba6 9. Qc2 0-0 10. Bxb4 axb4 11. 0-0 b3 12. Qd2 Bb7 13. Nc3 bxa2 14. Rxa2 Rxa2 15. Nxa2 Nc6 16. Nc3 Qa8 17. Qf4 Rc8 18. Ne5 Nxe5 19. Bxb7 Qxb7 20. Qxe5 h6 21. Rd1 c5 22. dxc5 bxc5 23. Rd2 c4 24. f3 Ra8 25. Qc5 Rc8 26. Qe5 Qb4 27. Qd6 Qa5 28. Kg2 Kh7 29. Qd4 Kg8 30. Qd6 Qa7 31. Qd4 Qxd4 32. Rxd4 Kf8 33. Kf2 Ke7 34. Rd2 g5 35. Nd1 Nd5 36. Ne3 Nb6 37. Rd4 f5 38. h4 Rc6 39. hxg5 hxg5 40. f4 g4 41. Ke1 Rd6 42. Rxc4 Nxc4 43. Nxc4 Rc6 44. Ne5 Rc8 45. Kf2 Kd6 46. b4 Kd5 47. Nd3 Rh8 48. Kg2 Kd4 49. Nc5 Rh6 50. Kg1 Ke3 51. b5 Kd4 52. Nd7 Kd5 53. b6 Kc6 54. b7 Kxb7 55. e4 Kc6 56. Ne5+ Kc5 57. Nf7 Rh7 58. Ng5 Re7 59. Kf2 Kd4 60. exf5 exf5 61. Kg2 Ke3 62. Kg1 Ra7 63. Kg2 Ra1 64. Nf7 Ra2+ 0-1

[Event "AUT-chT2W 2223"]
[Site "Austria"]
[Date "2023.01.21"]
[Round "7.1"]
[White "Zelcic, Robert"]
[Black "Petrov, Marian"]
[Result "1/2-1/2"]
[WhiteElo "2495"]
[BlackElo "2448"]
[PlyCount "79"]
[EventDate "2022.09.23"]
[EventType "team-tourn"]
[EventRounds "11"]
[EventCountry "AUT"]
[SourceTitle "CBM 213 Extra"]
[Source "ChessBase"]
[SourceDate "2023.05.31"]
[SourceVersion "1"]
[SourceVersionDate "2023.05.31"]
[SourceQuality "1"]
[WhiteTeam "Schwarzach"]
[BlackTeam "Lustenau"]
[WhiteTeamCountry "AUT"]
[BlackTeamCountry "AUT"]

1. e4 c5 2. Nf3 Nc6 3. d4 cxd4 4. Nxd4 Qb6 5. Nb3 Nf6 6. Nc3 e6 7. Bd3 a6 8. 0-0 d6 9. Kh1 Be7 10. f4 Qc7 11. Bd2 b5 12. a4 b4 13. Ne2 0-0 14. Ng3 Re8 15. c3 a5 16. cxb4 Nxb4 17. Bxb4 axb4 18. Nd4 Bb7 19. Qe2 Qb6 20. Nb5 Nd7 21. e5 dxe5 22. fxe5 g6 23. b3 Bd5 24. Bc4 Bxc4 25. Qxc4 Nxe5 26. Qf4 f6 27. Ne4 Rf8 28. Rac1 Rad8 29. Rc7 Rd7 30. Rxd7 Nxd7 31. h3 Ne5 32. Qg3 Qc6 33. Qf4 Qd5 34. Qe3 f5 35. Nd2 Bc5 36. Qe2 f4 37. Nc7 Qd6 38. Nb5 Qd5 39. Nc7 Qd6 40. Nb5 1/2-1/2

[Event "AUT-chT2W 2223"]
[Site "Austria"]
[Date "2023.01.20"]
[Round "6.2"]
[White "Kunin, Vitaly L"]
[Black "Zelcic, Robert"]
[Result "1/2-1/2"]
[WhiteElo "2508"]
[BlackElo "2495"]
[PlyCount "60"]
[EventDate "2022.09.23"]
[EventType "team-tourn"]
[EventRounds "11"]
[EventCountry "AUT"]
[SourceTitle "CBM 213 Extra"]
[Source "ChessBase"]
[SourceDate "2023.05.31"]
[SourceVersion "1"]
[SourceVersionDate "2023.05.31"]
[SourceQuality "1"]
[WhiteTeam "Bregenz"]
[BlackTeam "Schwarzach"]
[WhiteTeamCountry "AUT"]
[BlackTeamCountry "AUT"]

1. d4 Nf6 2. c4 e6 3. Nf3 d5 4. Qc2 dxc4 5. e3 c5 6. Bxc4 cxd4 7. exd4 Nc6 8. 0-0 Be7 9. Rd1 0-0 10. Nc3 Nb4 11. Qe2 b6 12. a3 Nbd5 13. Ne5 Bb7 14. Rd3 Nxc3 15. bxc3 b5 16. Bxb5 Qd5 17. Rf3 Rac8 18. Ba6 Bxa6 19. Qxa6 Qb3 20. Bg5 Rxc3 21. Qxa7 Rxf3 22. gxf3 Bd6 23. Bxf6 gxf6 24. Qa6 Bxe5 25. dxe5 Qxf3 26. Qd6 Qg4+ 27. Kf1 Qc4+ 28. Kg1 Qg4+ 29. Kf1 Qc4+ 30. Kg1 Qg4+ 1/2-1/2

[Event "CRO-ch"]
[Site "Split"]
[Date "2022.12.07"]
[Round "9"]
[White "Saric, Ivan"]
[Black "Zelcic, Robert"]
[Result "1-0"]
[WhiteElo "2674"]
[BlackElo "2496"]
[PlyCount "127"]
[EventDate "2022.11.29"]
[EventType "tourn"]
[EventRounds "11"]
[EventCountry "CRO"]
[EventCategory "12"]
[SourceTitle "CBM 211 Extra"]
[Source "ChessBase"]
[SourceDate "2023.01.31"]
[SourceVersion "1"]
[SourceVersionDate "2023.01.31"]
[SourceQuality "1"]

1. e4 c6 2. d4 d5 3. e5 c5 4. Nf3 cxd4 5. Qxd4 Nc6 6. Qf4 e6 7. Nc3 Nb4 8. Qd2 Bd7 9. a3 Nc6 10. Bd3 f6 11. Qe2 fxe5 12. Nxe5 Nxe5 13. Qxe5 Nf6 14. Be3 Rc8 15. Nb5 Kf7 16. Nd6+ Bxd6 17. Qxd6 Re8 18. Bg5 h6 19. Bxf6 gxf6 20. Qf4 Qa5+ 21. b4 Qc7 22. Qxh6 Qe5+ 23. Kd2 Rg8 24. Rae1 Qd4 25. Qh7+ Rg7 26. Qh5+ Ke7 27. g3 Qxf2+ 28. Kd1 Qd4 29. Qh6 Rg5 30. Qh7+ Kd6 31. Rhf1 Re5 32. Rxe5 fxe5 33. Rf7 Ba4 34. Ke1 Qe3+ 35. Kf1 e4 36. Qh4 Re8 37. Be2 Bxc2 38. Qh7 Ba4 39. b5 Bxb5 40. Bxb5 Qc1+ 41. Kf2 Qc5+ 42. Kg2 Qxb5 43. Rxb7 Qc6 44. Rxa7 e3 45. Qf7 d4+ 46. Kg1 Qc1+ 47. Kg2 Qc2+ 48. Kg1 Qf2+ 49. Qxf2 exf2+ 50. Kxf2 Kd5 51. g4 e5 52. g5 e4 53. Rd7+ Kc4 54. g6 Kd3 55. g7 e3+ 56. Kf1 e2+ 57. Ke1 Rb8 58. Re7 Rc8 59. Rxe2 Kc3 60. Rf2 Re8+ 61. Kd1 Rb8 62. Rf8 Rb1+ 63. Ke2 d3+ 64. Kf2 1-0

[Event "CRO-ch"]
[Site "Split"]
[Date "2022.12.06"]
[Round "8"]
[White "Zelcic, Robert"]
[Black "Brkic, Ante"]
[Result "1/2-1/2"]
[WhiteElo "2496"]
[BlackElo "2610"]
[PlyCount "108"]
[EventDate "2022.11.29"]
[EventType "tourn"]
[EventRounds "11"]
[EventCountry "CRO"]
[EventCategory "12"]
[SourceTitle "CBM 211 Extra"]
[Source "ChessBase"]
[SourceDate "2023.01.31"]
[SourceVersion "1"]
[SourceVersionDate "2023.01.31"]
[SourceQuality "1"]

1. e4 c5 2. Nf3 d6 3. d4 cxd4 4. Qxd4 Nf6 5. Nc3 Nc6 6. Bb5 Bd7 7. Bxc6 Bxc6 8. Bg5 e6 9. 0-0-0 Be7 10. Bxf6 Bxf6 11. Qxd6 Qxd6 12. Rxd6 Bxc3 13. bxc3 Bxe4 14. Ne5 Rc8 15. Rd4 Bd5 16. c4 Bxg2 17. Rg1 f6 18. Nd7 Ke7 19. Rxg2 Rhg8 20. Rg3 Rc7 21. Rgd3 Rd8 22. Rg4 Rdxd7 23. Rxg7+ Ke8 24. Rg8+ Kf7 25. Ra8 Rxd3 26. cxd3 b5 27. Kd2 bxc4 28. dxc4 Kg6 29. Kc3 Kf5 30. Rd8 e5 31. Rd6 a5 32. Ra6 Rg7 33. c5 Rg2 34. Rxa5 Ke6 35. Ra6+ Kd5 36. Rxf6 Kxc5 37. h3 Rh2 38. Rf3 e4 39. Rf5+ Kd6 40. Kd4 Rxh3 41. a4 Ra3 42. a5 Ra4+ 43. Ke3 Ke6 44. Rb5 Kf6 45. Kf4 Ra2 46. Rb6+ Ke7 47. a6 Rxf2+ 48. Ke5 Kd7 49. Kd5 Rf5+ 50. Kc4 e3 51. Kd3 Ra5 52. Rh6 Ra3+ 53. Ke2 Kc7 54. a7 Rxa7 1/2-1/2

[Event "CRO-ch"]
[Site "Split"]
[Date "2022.12.04"]
[Round "6"]
[White "Zelcic, Robert"]
[Black "Stevic, Hrvoje"]
[Result "1/2-1/2"]
[WhiteElo "2496"]
[BlackElo "2543"]
[PlyCount "26"]
[EventDate "2022.11.29"]
[EventType "tourn"]
[EventRounds "11"]
[EventCountry "CRO"]
[EventCategory "12"]
[SourceTitle "CBM 211 Extra"]
[Source "ChessBase"]
[SourceDate "2023.01.31"]
[SourceVersion "1"]
[SourceVersionDate "2023.01.31"]
[SourceQuality "1"]

1. b3 g6 2. g3 Bg7 3. c3 d5 4. d4 Nf6 5. Bg2 0-0 6. Nf3 a5 7. 0-0 a4 8. Bb2 axb3 9. axb3 Rxa1 10. Bxa1 c6 11. Nbd2 Bf5 12. Nh4 Be6 13. Nhf3 Bf5 1/2-1/2